Statistics for Cities by Rail transit logo #2

Click here to take the quiz!

General Stats

  • This quiz has been taken 23 times
    (22 since last reset)
  • The average score is 4 of 10

Answer Stats

Answer % Correct
Paris
91%
Chicago
73%
Brussels
41%
Shanghai
36%
Stockholm
36%
Melbourne
32%
Guangzhou
27%
Mexico City
27%
Osaka
23%
Lausanne
9%

Score Distribution

Percentile by Number Answered

Percent of People with Each Score

Your Score History

You have not taken this quiz since the last reset